3 Letter Words Ending With E (photos) - Statistics

General Stats
  • This quiz has been taken 127 times
  • The average score is 15 of 20
Answer Stats
Picture Answer % Correct
Ice
98%
Pee
97%
Pie
97%
Toe
97%
Ace
96%
Bee
94%
Tie
94%
Axe
91%
Die
88%
Bye
87%
Ape
85%
Joe
76%
Dye
69%
Eve
66%
Ewe
64%
Hoe
62%
Ale
56%
See
53%
Doe
37%
Foe
7%
No matching quizzes found
Score Distribution
Percent of People with Each Score
Percentile by Number Answered
Your Score History
You have not taken this quiz